LEADER 05981nam 2200721 450 001 9910465974603321 005 20200520144314.0 010 $a0-231-54121-X 024 7 $a10.7312/dami17508 035 $a(CKB)3710000000614327 035 $a(EBL)4398618 035 $a(SSID)ssj0001635862 035 $a(PQKBManifestationID)16389370 035 $a(PQKBTitleCode)TC0001635862 035 $a(PQKBWorkID)14616223 035 $a(PQKB)11347481 035 $a(StDuBDS)EDZ0001356991 035 $a(MiAaPQ)EBC4398618 035 $a(DE-B1597)473099 035 $a(OCoLC)946997761 035 $a(OCoLC)965432715 035 $a(DE-B1597)9780231541213 035 $a(Au-PeEL)EBL4398618 035 $a(CaPaEBR)ebr11210684 035 $a(CaONFJC)MIL906009 035 $a(EXLCZ)993710000000614327 100 $a20160526h20152015 uy 0 101 0 $aeng 135 $aur|n|---||||| 181 $ctxt 182 $cc 183 $acr 200 00$aMacroeconomics and development $eRoberto Frenkel and the economics of Latin America /$fedited by Mario Damill, Marti?n Rapetti and Guillermo Rozenwurcell 210 1$aNew York, New York :$cColumbia University Press,$d2015. 210 4$d©2015 215 $a1 online resource (440 p.) 225 0 $aInitiative for Policy Dialogue at Columbia: Challenges in Development and Globalization 300 $aIncludes index. 311 $a0-231-17508-6 320 $aIncludes bibliographical references and index. 327 $tFrontmatter -- $tContents -- $tAcknowledgments -- $tPreface -- $t1. An Introduction to Roberto Frenkel's Contributions to the Economic Ideas in Latin America / $rDamill, Mario / Kampel, Daniel / Rozenwurcel, Guillermo -- $tPart 1. Pricing Decisions, Inflation, and Stabilization -- $t2. Markups Under Uncertainty: Variations on Price Decisions in High Inflation / $rHeymann, Daniel / Roldán, Francisco -- $t3. Financial Fragility, Price Indexes, and Investment Financing / $rDreizzen, Julio -- $t4. Uncertainty in Structural and Institutional Parameters and the Cost of Policy Mistakes: A Computable General Equilibrium Evaluation / $rChisari, Omar / Ferro, Gustavo / Martínez, Juan Pablo Vila -- $t5. Monetary Policy and External Shocks in a Semidollarized Economy / $rDancourt, Oscar -- $tPart 2. Economic Development in Latin America -- $t6. The Chilean Economy Since the Global Crisis / $rFfrench-Davis, Ricardo / Heresi, Rodrigo -- $t7. Disequilibria and Risk Premia: Argentina's Experience During the 2000s from a Latin American Perspective / $rCañonero, Gustavo / Winograd, Carlos -- $t8. Labor Market and Income Distribution in Latin America in Times of Economic Growth: Advances and Shortcomings / $rMaurizio, Roxana -- $t9. Accounting for the Rise and Fall of Brazil's Growth After World War II / $rBacha, Edmar / Bonelli, Regis -- $tPart 3. The Real Exchange Rate, Balance of Payments, and Economic Development -- $t10. Balance-of-Payments Dominance: Implications for Macroeconomic Policy / $rOcampo, José Antonio -- $t11. The Real Exchange Rate, the Real Wage, and Growth: A Formal Analysis of the "Development Channel" / $rRos, Jaime -- $t12. The Real Exchange Rate and Economic Growth: Some Observations on the Possible Channels / $rRapetti, Martín -- $tPart 4. Finance and Crises -- $t13. Capitalism and Financial Crises: A Long-Term Perspective / $rSolimano, Andrés -- $t14. Financial Crises, Institutions, and the Macroeconomy / $rFanelli, José María -- $t15. United States Size Distribution and the Macroeconomy 1986-2009 / $rTaylor, Lance / Rezai, Armon / Kumar, Rishabh / Barbosa, Nelson / Carvalho, Laura -- $t16. Sovereign Credit Risk in Latin America and Global Common Factors -- $tPart 5. Approaches to Development -- $t17. Cognitive Dissonance: Postwar Economic Development Strategies and Bretton Woods International Financial Stability / $rKregel, Jan -- $t18. New Developmentalism as a Weberian Ideal Type / $rBresser-Pereira, Luiz Carlos -- $tList of Contributors -- $tIndex 330 $aLatin American neo-structuralism is a cutting-edge, regionally focused economic theory with broad implications for macroeconomics and development economics. Roberto Frenkel has spent five decades developing the theory's core arguments and expanding their application throughout the discipline, revolutionizing our understanding of high inflation and hyperinflation, disinflation programs, and the behavior of foreign exchange markets as well as financial and currency crises in emerging economies.The essays in this collection assess Latin American neo-structuralism's theoretical contributions and viability as the world's economies evolve. The authors discuss Frenkel's work in relation to pricing decisions, inflation and stabilization policy, development and income distribution in Latin America, and macroeconomic policy for economic growth. An entire section focuses on finance and crisis, and the volume concludes with a neo-structuralist analysis of general aspects of economic development. For those seeking a comprehensive introduction to contemporary Latin American economic thought, this collection not only explicates the intricate work of one of its greatest practitioners but also demonstrates its impact on the growth of economics. 410 0$aInitiative for Policy Dialogue 606 $aEconomic development$zLatin America 606 $aMonetary policy$zLatin America 606 $aFiscal policy$zLatin America 606 $aMacroeconomics 608 $aElectronic books. 615 0$aEconomic development 615 0$aMonetary policy 615 0$aFiscal policy 615 0$aMacroeconomics. 676 $a339.5098 702 $aDamill$b Mario 702 $aRapetti$b Marti?n 702 $aRozenwurcell$b Guillermo 801 0$bMiAaPQ 801 1$bMiAaPQ 801 2$bMiAaPQ 906 $aBOOK 912 $a9910465974603321 996 $aMacroeconomics and development$92467860 997 $aUNINA LEADER 04978nam 2200697 a 450 001 9910778432603321 005 20200520144314.0 010 $a1-282-39963-2 010 $a9786612399633 010 $a90-04-18080-X 024 7 $a10.1163/ej.9789004169715.i-320 035 $a(CKB)1000000000806683 035 $a(EBL)467759 035 $a(OCoLC)567512997 035 $a(SSID)ssj0000344026 035 $a(PQKBManifestationID)11267385 035 $a(PQKBTitleCode)TC0000344026 035 $a(PQKBWorkID)10306333 035 $a(PQKB)10303086 035 $a(MiAaPQ)EBC467759 035 $a(OCoLC)288379383 035 $a(nllekb)BRILL9789004180802 035 $a(Au-PeEL)EBL467759 035 $a(CaPaEBR)ebr10349269 035 $a(CaONFJC)MIL239963 035 $a(PPN)174398905 035 $a(EXLCZ)991000000000806683 100 $a20081212d2009 uy 0 101 0 $aeng 135 $aurcn||||||||| 181 $ctxt 182 $cc 183 $acr 200 04$aThe UN Convention on the Rights of Persons with Disabilities$b[electronic resource] $eEuropean and Scandinavian perspectives /$fedited by Oddny? Mjo?ll Arnardo?ttir and Gerard Quinn 210 $aLeiden ;$aBoston $cMartinus Nijhoff Publishers$d2009 215 $a1 online resource (344 p.) 225 1 $aInternational studies in human rights,$x0924-4751 ;$vv. 100 300 $aDescription based upon print version of record. 311 $a90-04-16971-7 320 $aIncludes bibliographical references and index. 327 $aDisability studies, the social model and legal developments / Rannveig Traustado?ttir -- Future prospects for the United Nations Convention on the Rights of Persons with Disabilities / Michael Ashley Stein and Janet E. Lord -- A future of multidimensional disadvantage equality? / Oddny? Mjo?ll Arnardo?ttir -- From invisibility to indivisibility : the international Convention on the Rights of Persons with Disabilities / Ida Elisabeth Koch -- The UN Convention on the Rights of Persons with Disabilities and European disability law : a catalyst for cohesion? / Anna Lawson -- Breaking new ground : the implications of ratification of the UN Convention on the Rights of Persons with Disabilities for the European community / Lisa Waddington -- The protection of the rights of persons with disabilities in the case law of the European Court of Human Rights / Davi?? Po?r Bjo?rgvinsson -- Extracting protection for the rights of persons with disabilities from human rights frameworks : established limits and new possibilities / Colm O'Cinneide -- General themes relevant to the implementation of the UN disability convention into domestic law : who is responsible for the implementation and how should it be performed? / Holger Kallehauge -- Resisting the 'temptation of elegance' : can the Convention on the Rights of Persons with Disabilities socialise states to right behaviour? / Gerard Quinn -- The implementation of the UN convention and the development of economical and social rights as human rights / Brynhildur G. Flo?venz -- The UN convention in Nordic domestic law : lessons learned from other treaties / Ragnhildur Helgado?ttir. 330 $aThe International Convention on the Rights of Persons with Disabilities is the first human rights treaty adopted by the United Nations in the 21st century. It seeks to secure the equal and effective enjoyment of human rights for the estimated 650 million persons with disabilities in the world. It does so by tailoring gerneral human rights norms to their circumstances. It reflects and advances the shift away from welfare to rights in the context of disability. The Convention itself represents a mix between non-discrimination and other substantive human rights and gives practical effect to the idea that all human rights are indivisible and interdependent. This collection of essays examines these developments from the global, European and Scandinavian perspectives and the challenge of transposing its provisions into national law. It marks the coming of age of disabilty as a core human rights concern. 410 0$aInternational studies in human rights ;$vv. 100. 606 $aPeople with disabilities$xLegal status, laws, etc$zEurope 606 $aPeople with disabilities$xCivil rights$zEurope 606 $aPeople with disabilities$xGovernment policy$zEurope 606 $aHuman rights$zEurope 615 0$aPeople with disabilities$xLegal status, laws, etc. 615 0$aPeople with disabilities$xCivil rights 615 0$aPeople with disabilities$xGovernment policy 615 0$aHuman rights 676 $a341.4/85 701 $aOddny? Mjo?ll Arnardo?ttir$0572680 701 $aQuinn$b G$g(Gerard)$01552406 801 0$bMiAaPQ 801 1$bMiAaPQ 801 2$bMiAaPQ 906 $aBOOK 912 $a9910778432603321 996 $aThe UN Convention on the Rights of Persons with Disabilities$93812264 997 $aUNINA LEADER 00996nas 2200361 c 450 001 9910147300403321 005 20260218111231.0 035 $a(CKB)1000000000527203 035 $a(DE-599)ZDB2246894-8 035 $a(OCoLC)405778390 035 $a(DE-101)980838134 035 $a(DE-599)2246894-8 035 $a(EXLCZ)991000000000527203 100 $a20060811b19761992 |y | 101 0 $acze 135 $aur||||||||||| 181 $ctxt$2rdacontent 182 $cc$2rdamedia 183 $acr$2rdacarrier 200 00$aSce?na$ec?trna?ctideni?k Svazu C?esky?ch Dramaticky?ch Ume?lc°u pro ota?zky divadla, filmu, rozhlasu a televize 210 31$aPraha$cOrbis$d1976-1992 215 $aOnline-Ressource 531 $aSCÉNA 608 $aZeitschrift$2gnd-content 676 $a792 686 $aTHEATER$qDE-30$2fid 801 0$b8999 801 1$bDE-101 801 2$b4022 906 $aJOURNAL 912 $a9910147300403321 996 $aScena$9788823 997 $aUNINA